<?xml version="1.0" encoding="UTF-8"?>
<collection xmlns="http://www.loc.gov/MARC21/slim">
 <record>
  <leader>00834pamaa2200217   4500</leader>
  <controlfield tag="001">0000045166</controlfield>
  <controlfield tag="005">20121212090000.0</controlfield>
  <controlfield tag="008">090511                             eng  </controlfield>
  <datafield tag="020" ind1="0" ind2="0">
   <subfield code="a">9781587654237 (Vol. 1-3) </subfield>
  </datafield>
  <datafield tag="090" ind1="0" ind2="0">
   <subfield code="a">HV8073 </subfield>
   <subfield code="b">FOR 2009</subfield>
  </datafield>
  <datafield tag="245" ind1="1" ind2="0">
   <subfield code="a">Forensic science  </subfield>
   <subfield code="c">edited by Ayn Embar-Seddon, Allan D. Pass.</subfield>
  </datafield>
  <datafield tag="260" ind1="0" ind2="0">
   <subfield code="a">Pasadena, Calif.: </subfield>
   <subfield code="b">Salem Press, </subfield>
   <subfield code="c">2009.</subfield>
  </datafield>
  <datafield tag="300" ind1=" " ind2=" ">
   <subfield code="a">3 v. (lvii, 1096, xlix p.): </subfield>
   <subfield code="b">ill., maps; </subfield>
   <subfield code="c">26 cm.</subfield>
  </datafield>
  <datafield tag="500" ind1="0" ind2="0">
   <subfield code="a">Vol. 2 - DNA extraction-Mycotoxins ISBN 9781587654251</subfield>
  </datafield>
  <datafield tag="500" ind1="0" ind2="0">
   <subfield code="a">Vol. 1 - Accelerants-DNA database controversies ISBN 9781587654244</subfield>
  </datafield>
  <datafield tag="500" ind1="0" ind2="0">
   <subfield code="a">Vol. 3 - Napoleon's death-Y chromosome analysis ISBN 9781587654268</subfield>
  </datafield>
  <datafield tag="501" ind1="0" ind2="0">
   <subfield code="a">SAH</subfield>
  </datafield>
  <datafield tag="504" ind1="0" ind2="0">
   <subfield code="a">Includes bibliographical references and index</subfield>
  </datafield>
  <datafield tag="650" ind1="0" ind2="0">
   <subfield code="a">Forensic sciences </subfield>
  </datafield>
  <datafield tag="700" ind1="1" ind2="1">
   <subfield code="a">Embar-Seddon, </subfield>
   <subfield code="h">Ayn </subfield>
  </datafield>
  <datafield tag="700" ind1="1" ind2="1">
   <subfield code="a">Pass, </subfield>
   <subfield code="h">Allan D. </subfield>
  </datafield>
 </record>
</collection>
